Monoteísmo y globalización: Moisés, Jesús, Mahoma
Saved in:
| Main Author: | |
|---|---|
| Format: | Book |
| Language: | Spanish |
| Published: |
Pamplona
Verbo Divino
2002
|
| Subjects: | |
| Tags: |
Add Tag
No Tags, Be the first to tag this record!
|
MARC
| LEADER | 00000nam a2200000 a 4500 | ||
|---|---|---|---|
| 001 | UCL8023 | ||
| 003 | CL-VaPUC | ||
| 008 | 040611e20020000SP |||||||||||||||||spa|d | ||
| 020 | |a 8481695793 | ||
| 082 | 0 | 4 | |a 261 |b PIK |2 21 |
| 100 | 0 | |a Pikaza Ibarrondo, Xabier |e author |9 485934 | |
| 245 | 1 | 0 | |a Monoteísmo y globalización: Moisés, Jesús, Mahoma |
| 300 | |a 350 p | ||
| 942 | |c BK | ||
| 945 | |d 20040611 00:00:00 |a cmena | ||
| 260 | |a Pamplona |b Verbo Divino |c 2002 | ||
| 650 | 0 | |a Teología social |9 326726 | |
| 650 | 0 | |a Globalización |9 361930 | |
| 650 | 0 | |a Cambio social |9 256857 | |
| 650 | 0 | |a Creencias religiosas |9 373391 | |
| 650 | 7 | |a MONOTEISMO |2 CL-VaPUC |9 346921 | |
| 583 | |a last modification |c 20130402 08:55:19 |k Rodrigo Vera | ||
| 999 | |c 309509 |d 309507 | ||
| 952 | |0 0 |1 0 |4 0 |6 261_000000000000000_PIK_2002 |7 0 |8 A |9 377006 |a BIBTEO |b BIBTEO |d 2019-11-21 |i 4025105 |o 261 PIK 2002 |p 4025105 |r 2025-01-17 |w 2019-11-21 |y BK |k ICR | ||